Countries by Population in 1900 - Statistics

General Stats
  • This quiz has been taken 17 times
  • The average score is 31 of 58
Answer Stats
Hint Answer % Correct
B British Empire
100%
F French Empire
100%
G German Empire
100%
C Qing China
100%
R Russian Empire
100%
U United States
100%
J Japanese Empire
92%
A Austria-Hungary
85%
I Italy
77%
O Ottoman Empire
77%
D/N Dutch Empire
69%
K Korean Empire
62%
V Venezuela
62%
A Argentina
54%
B Brazil
54%
C Chile
54%
D Danish Empire
54%
D Dominican Republic
54%
E Ecuador
54%
E El Salvador
54%
E Ethiopian Empire
54%
G Guatemala
54%
L Liberia
54%
M Mexico
54%
N Nicaragua
54%
P Paraguay
54%
P Peru
54%
P Portuguese Empire
54%
I Qajar Iran
54%
R Romania
54%
S Serbia
54%
S Siam
54%
S Sweden-Norway
54%
S Switzerland
54%
U Uruguay
54%
B Bolivia
46%
B Bulgaria
46%
C Colombia
46%
C Costa Rica
46%
H Honduras
46%
S Spanish Empire
46%
A Afghanistan
38%
A Andorra
38%
B Belgian Empire
38%
L Liechtenstein
38%
L Luxembourg
38%
M Monaco
38%
M Montenegro
38%
M Morocco
38%
P Philippines
31%
S San Marino
31%
S South Africa
31%
B Bhutan
23%
N Nepal
23%
M Muscat and Oman
15%
O Orange Free State
15%
J Jabal Shammar
8%
S Sokoto Caliphate
8%
No matching quizzes found
Score Distribution
Percent of People with Each Score
Percentile by Number Answered
Your Score History
You have not taken this quiz